Multilaterálne a bilaterálne jadrové dohody ako formatívny princíp druhého jadrového veku

Ozrejmenie základných kontúr strategického uvažovania USA a Ruska prostredníctvom analýzy ich strategických dokumentov a ich reflexie v jadrových dohodách o strategických zbraniach – nový START – a jadrových dohodách na regionálnej úrovni – JCPOA – a ich potenciálnom dopade na úlohu a význam jadrov...

Full description

Saved in:
Bibliographic Details
Main Author: Terem, Peter
Other Authors: Drotár, Matej
Format: Book Chapter
Language:Slovak
Subjects:
Tags: Add Tag
No Tags, Be the first to tag this record!

MARC

LEADER 00000naa a2200000 4500
001 0279757
005 20211122130643.6
041 0 |a slo 
044 |a SK 
245 1 0 |a Multilaterálne a bilaterálne jadrové dohody ako formatívny princíp druhého jadrového veku 
520 |a Ozrejmenie základných kontúr strategického uvažovania USA a Ruska prostredníctvom analýzy ich strategických dokumentov a ich reflexie v jadrových dohodách o strategických zbraniach – nový START – a jadrových dohodách na regionálnej úrovni – JCPOA – a ich potenciálnom dopade na úlohu a význam jadrových zbraní v budúcnosti. Multilaterálne a bilaterálne jadrové dohody - spoločný komplexný akčný plán, dohoda o znížení počtu strategických zbraní. 
610 2 0 |a dohody medzinárodné 
610 2 0 |a bezpečnosť jadrová 
610 2 0 |a zbrojenie 
610 2 0 |a politika medzinárodná 
610 2 0 |a USA 
610 2 0 |a Rusko 
100 1 |a Terem, Peter 
700 1 |a Drotár, Matej